Analýza finančného hospodárenia národných výborov záverečná práca postgraduálneho štúdia

Na minha lista:
Detalhes bibliográficos
Autor principal: Krchniaková, Elena
Autor Corporativo: Vysoká škola ekonomická v Bratislave
Outros Autores: Lipták, Juraj
Formato: Livro
Idioma:eslovaco
Publicado em: Bratislava 1989
Tags: Adicionar Tag
Sem tags, seja o primeiro a adicionar uma tag!

MARC

LEADER 00000nam a2200000 4500
001 c028197
005 20230116091300.4
041 0 |a slo 
044 |a SK 
245 1 0 |a Analýza finančného hospodárenia národných výborov  |b záverečná práca postgraduálneho štúdia  |c Elena Krchniaková ; ved. práce Juraj Lipták 
264 1 |a Bratislava  |c 1989 
300 |a 41 s. 
100 1 |a Krchniaková, Elena 
700 1 |a Lipták, Juraj 
710 2 |a Vysoká škola ekonomická v Bratislave